Afortunado en el juego

Saved in:
Bibliographic Details
Main Author: Hoffmann, Ernst Theodor Amadeus (Author)
Format: Book
Language:Spanish
Published: Bogotá Norma 1989
Edition:1a. ed
Series:Torre de Papel
Subjects:
Tags: Add Tag
No Tags, Be the first to tag this record!

MARC

LEADER 00000cam a2200000 a 4500
001 UCD5082
003 CL-VaPUC
008 160807e19890000ck |||||||||||||||||spa|d
020 |a 9580407304 
082 0 4 |a 833  |b HOF  |2 21 
100 0 |a Hoffmann, Ernst Theodor Amadeus  |e author  |9 449601 
245 1 0 |a Afortunado en el juego 
246 1 4 |a Las minas de Falun 
250 |a 1a. ed 
300 |a 117 p 
942 |c BK 
945 |d 20160807 22:49:00  |a dcastane 
260 |a Bogotá  |b Norma  |c 1989 
650 7 |a RELATOS ALEMANES  |2 CL-VaPUC  |9 487309 
650 0 |a Literatura alemana   |9 265457 
583 |a last modification  |c 20160807 22:49:00  |k Rodrigo Vera 
490 0 |a Torre de Papel 
999 |c 365849  |d 365847 
952 |0 0  |1 0  |3 erb  |4 0  |6 833_000000000000000_HOF_1989  |7 0  |8 A  |9 479816  |a BIBEDU  |b BIBEDU  |i 5336740  |o 833 HOF 1989  |p 5336740  |r 2019-11-24  |w 2019-11-24  |y BK  |z Catalogado en:20160807  |k EPE